000 00578nam a2200169Ia 4500
008 090711s9999 xx 000 0 und d
082 _b75271
100 _aदाभोलकर नरेंद्र
245 _aविSाार तर कराल?
260 _bराजहंस प्रकाशन
_c1994
300 _a176
600 _aदाभोलकर नरेंद्र
630 _aविSाार तर कराल?
700 _aदाभोलकर नरेंद्र
730 _aविSाार तर कराल?
942 _cBOOK
999 _c331487
_d331487